[Event "DM 2026 Kort Paaske 1C"]
[Site "Svendborg"]
[Date "2026.03.30"]
[Round "5.24"]
[White "Bertl Eberle, Emil"]
[Black "Christensen, Thorbjorn Erik K"]
[Result "1/2-1/2"]
[WhiteElo "1451"]
[BlackElo "1577"]
[WhiteFideId "1481207"]
[BlackFideId "1476246"]
[EventDate "2026.03.28"]
[EventType "swiss"]
[EventRounds "5"]
[EventCountry "DEN"]
[SourceTitle "Live v. Kasper Jerwiarz"]

1. d4 f5 2. Nc3 Nf6 3. Bg5 e6 4. e3 Be7 5. Bxf6 Bxf6 6. e4 O-O 7. e5 Be7 8. a3 d6 9. Nf3 Nd7 10. Qe2 dxe5 11. dxe5 Bg5 12. h4 Bh6 13. Nd2 c6 14. O-O-O Qc7 15. Re1 Rd8 16. Nb1 Nc5 17. g3 Ne4 18. Rd1 Qa5 19. Rh2 Qxe5 20. f4 Qd4 21. Nxe4 Qxd1+ 22. Qxd1 Rxd1+ 23. Kxd1 fxe4 24. Re2 e5 25. Rxe4 exf4 26. gxf4 Bf5 27. Bc4+ Kf8 28. Rd4 Ke7 29. Nc3 Rd8 30. Rxd8 Kxd8 31. Ne2 Bg4 32. Bg8 Bxf4 33. Bxh7 Bg3 34. Bf5 Bxe2+ 35. Kxe2 Bxh4 36. b3 b5 37. Kd3 Bf6 38. a4 bxa4 39. bxa4 a5 40. c4 c5 41. Ke4 Kc7 42. Kd5 Kb6 43. Bg6 Bd4 44. Bf5 g5 45. Bg4 Be3 46. Bf5 Bf4 47. Ke4 1/2-1/2

[Event "DM 2026 Kort Paaske 1C"]
[Site "Svendborg"]
[Date "2026.03.30"]
[Round "5.25"]
[White "Andersen, Lene"]
[Black "Fogh, Torben"]
[Result "1/2-1/2"]
[WhiteElo "1604"]
[BlackElo "1605"]
[WhiteFideId "1469576"]
[BlackFideId "1420704"]
[EventDate "2026.03.28"]
[EventType "swiss"]
[EventRounds "5"]
[EventCountry "DEN"]
[SourceTitle "Live v. Kasper Jerwiarz"]

1. e4 c5 2. Bc4 e6 3. Nc3 a6 4. a4 Nc6 5. f4 d6 6. Nf3 Qc7 7. d3 Be7 8. O-O Bf6 9. Bd2 Nge7 10. Kh1 O-O 11. Rb1 Bd7 12. Ne2 Rab8 13. c3 Na5 14. Ng3 Nxc4 15. dxc4 g6 16. b3 b5 17. cxb5 axb5 18. axb5 Rxb5 19. c4 Rb7 20. Qe2 Nc6 21. f5 exf5 22. exf5 Bxf5 23. Nxf5 gxf5 24. Qf2 Ne7 25. Qg3+ Ng6 26. Bf4 Be5 27. Nxe5 dxe5 28. Bh6 f4 29. Qg5 f6 30. Qg4 Re8 31. h4 Qd7 32. Qxd7 Rxd7 33. g4 Nxh4 34. g5 Nf5 35. Rg1 Kh8 36. Ra1 Rdd8 37. Ra6 Nxh6 38. gxh6 Rf8 39. Rg7 Rg8 40. Rf7 Rd1+ 41. Kh2 Rd2+ 42. Kh1 Rdg2 43. Raa7 Rg1+ 44. Kh2 R8g2+ 45. Kh3 Rg3+ 46. Kh2 1/2-1/2

[Event "DM 2026 Kort Paaske 1C"]
[Site "Svendborg"]
[Date "2026.03.30"]
[Round "5.26"]
[White "Berglund, Viktor Markvard"]
[Black "Shekar, Rohan"]
[Result "1-0"]
[WhiteElo "1599"]
[BlackElo "1522"]
[WhiteFideId "1481622"]
[BlackFideId "1485580"]
[EventDate "2026.03.28"]
[EventType "swiss"]
[EventRounds "5"]
[EventCountry "DEN"]
[SourceTitle "Live v. Kasper Jerwiarz"]

1. e4 e5 2. Nf3 Nc6 3. Bc4 f6 4. Nc3 Bc5 5. d3 d6 6. O-O Nge7 7. Bd2 Bg4 8. h3 Bh5 9. Be3 Bb6 10. Re1 g5 11. Be6 Ng6 12. g4 Nf8 13. Bd5 Ne7 14. gxh5 Nxd5 15. Nxd5 Bxe3 16. Rxe3 c6 17. Nc3 Qd7 18. Nd2 d5 19. Qf3 d4 20. Qxf6 dxe3 21. Qxh8 exd2 22. Qxe5+ Qe7 23. Qxe7+ Kxe7 24. Rd1 Ne6 25. Rxd2 Nf4 26. Kh2 Nxh5 27. d4 Rd8 28. Kg2 Kf6 29. Kf3 Nf4 30. h4 b5 31. e5+ Kf5 32. hxg5 Kxg5 33. Ne4+ Kf5 34. Nd6+ Ke6 35. Kxf4 a5 36. Ke4 h5 37. f4 h4 38. f5+ Ke7 39. d5 cxd5+ 40. Kxd5 h3 41. f6+ Kf8 42. e6 Rxd6+ 43. Kxd6 h2 44. Rxh2 Kg8 45. e7 Kf7 46. Rh7+ Kg6 47. e8=Q+ Kf5 48. f7 Kg5 49. f8=Q Kg4 50. Qg6# 1-0

[Event "DM 2026 Kort Paaske 1C"]
[Site "Svendborg"]
[Date "2026.03.30"]
[Round "5.27"]
[White "Wilhelmsen, Vera"]
[Black "Kreiner, Aksel Brandt"]
[Result "0-1"]
[WhiteElo "1200"]
[BlackElo "1579"]
[WhiteFideId "1489097"]
[BlackFideId "1489313"]
[EventDate "2026.03.28"]
[EventType "swiss"]
[EventRounds "5"]
[EventCountry "DEN"]
[SourceTitle "Live v. Kasper Jerwiarz"]

1. d4 Nf6 2. Nf3 d5 3. c3 Bf5 4. Bg5 e6 5. e3 c5 6. Nbd2 Nbd7 7. Qa4 a6 8. dxc5 Bxc5 9. b4 Be7 10. Be2 b5 11. Qd1 Rc8 12. Rc1 O-O 13. O-O Qb6 14. Nd4 Bg6 15. N2f3 h6 16. Bf4 Ne4 17. Ne5 Nxe5 18. Bxe5 Nxc3 19. Qb3 Nxe2+ 20. Nxe2 Rc4 21. a3 Rfc8 22. Bc3 Bd3 23. Bd4 Bxe2 24. Bxb6 Rxc1 25. g3 Rxf1+ 26. Kg2 Rcc1 27. Qb2 Rg1+ 28. Kh3 Bh5 29. Qe5 g5 30. f3 Bxf3 31. Qd4 g4+ 0-1